La tradición clásica en España (Record no. 66861)

MARC details
000 -LEADER
campo de control de longitud fija 01110nam a2200301 i 4500
001 - NÚMERO DE CONTROL
campo de control 66861
003 - IDENTIFICADOR DE NÚMERO DE CONTROL
campo de control ES-MaACL
005 - FECHA Y HORA DE LA ÚLTIMA TRANSACCIÓN
campo de control 20230906165851.0
007 - CAMPO FIJO DE DESCRIPCIÓN FÍSICA--INFORMACIÓN GENERAL
campo de control de longitud fija t|
008 - DATOS DE LONGITUD FIJA--INFORMACIÓN GENERAL
campo de control de longitud fija 030619s2002 sp b |||| | spa d
020 ## - NÚMERO INTERNACIONAL ESTÁNDAR DEL LIBRO
Número Internacional Estándar del Libro 84-7882-508-8
080 ## - NÚMERO DE LA CLASIFICACIÓN DECIMAL UNIVERSAL
Número de la Clasificación Decimal Universal 016:821.124.09:821.134.2.09"12/14"
080 ## - NÚMERO DE LA CLASIFICACIÓN DECIMAL UNIVERSAL
Número de la Clasificación Decimal Universal 016:821.134.2.09"12/14":821.124.09
100 1# - ENTRADA PRINCIPAL--NOMBRE DE PERSONA
Nombre de persona González Rolán, Tomás.
9 (RLIN) 58928
245 13 - MENCIÓN DEL TÍTULO
Título La tradición clásica en España
Resto del título : (siglos XIII-XV) : bases conceptuales y bibliográficas /
Mención de responsabilidad, etc. Tomás González Rolán, Pilar Saquero Suárez-Somonte, Antonio López Fonseca.
250 ## - MENCION DE EDICION
Mención de edición 1ª ed.
260 ## - PUBLICACIÓN, DISTRIBUCIÓN, ETC.
Lugar de publicación, distribución, etc. Madrid :
Nombre del editor, distribuidor, etc. Clásicas,
Fecha de publicación, distribución, etc. 2002.
300 ## - DESCRIPCIÓN FÍSICA
Extensión 271 p. ;
Dimensiones 22 cm.
490 1# - MENCIÓN DE SERIE
Mención de serie Anejos de Tempus ;
Designación de volumen o secuencia 4
500 ## - NOTA GENERAL
Nota general Índice.
650 #4 - PUNTO DE ACCESO ADICIONAL DE MATERIA--TÉRMINO DE MATERIA
Término de materia o nombre geográfico como elemento de entrada Literatura clásica-
Subdivisión general Influencia-
Subdivisión de forma Bibliografías.
9 (RLIN) 167919
650 #4 - PUNTO DE ACCESO ADICIONAL DE MATERIA--TÉRMINO DE MATERIA
Término de materia o nombre geográfico como elemento de entrada Literatura española-
Subdivisión general Influencia clásica-
Subdivisión de forma Bibliografías.
9 (RLIN) 167918
700 1# - ENTRADA AGREGADA--NOMBRE PERSONAL
Nombre de persona Saquero Suárez-Somonte, Pilar.
9 (RLIN) 103731
700 1# - ENTRADA AGREGADA--NOMBRE PERSONAL
Nombre de persona López Fonseca, Antonio.
9 (RLIN) 73644
830 0# - PUNTO DE ACCESO ADICIONAL DE SERIE-TÍTULO UNIFORME
Título uniforme Anejos de Tempus ;
Designación de volumen o secuencia 4
9 (RLIN) 230847
852 ## - LOCALIZACIÓN
Ubicación ES-MaACL
Número de control de estantería L-27325
Holdings
Estatus retirado Estado de pérdida Estado de daño No para préstamo Biblioteca de origen Biblioteca actual Ubicación en estantería Fecha de adquisición Fuente de adquisición Total de préstamos Signatura topográfica completa Código de barras Visto por última vez Precio de reemplazo Tipo de ítem Koha
        Biblioteca del Ateneo de Madrid Biblioteca del Ateneo de Madrid Depósito 2 17/01/2008     L-27325 1070030 23/02/2023 23/02/2023 Libro impreso